01714nab a22002897a 4500999001500000003000400015005001700019008004100036040000700077100002600084245011500110260007200225300001300297500003500310505033600345505026800681505008900949650002301038650002401061650003101085650003801116650003401154650005801188650003801246773012701284942001301411 c5496d5496OSt20251209135919.0190502c xxu||||| |||| 00| 0 spa d cPJ 96487aGaloto, Julieta13aLa maternidad en el régimen penitenciario. Derecho de las niñas, niños y adolescentes /cJulieta Galoto. aCiudad Autónoma de Buenos Aires :bThomson Reuters La Ley,c2025. ap. 86-90 aCita Online: AR/DOC/2681/2024. aSumario: I. Introducción.— II. Fallo "Q. P., J. J. s/ comercio de estupefacientes".— III. Análisis desde el derecho internacional de los derechos humanos.— IV. Análisis desde la legislación nacional.— V. Derecho de los niños, niñas y adolescentes con progenitores privados de su libertad.— VI. Conclusión.  tFallo comentado: CPenal, Penal Juvenil, Contravencional y de Faltas, Ciudad Autónoma de Buenos Aires, sala III ~ 09/06/2023 ~ Q. P., J. J. s/ comercio de estupefacientes o cualquier materia prima para su producción / tenencia con fines de comercialización. t¿Te interesa el texto completo? Solicitalo al correo: koha@justierradelfuego.gov.ar 09343aDERECHO PENAL 092348aPROCESO PENAL 094065aPRISION DOMICILIARIA 094973aPROTECCION DE LA MATERNIDAD 094048aCUMPLIMIENTO DE LA PENA 092741aDERECHOS DE LAS NIÑAS, NIÑOS Y ADOLESCENTES 094097aINTERES SUPERIOR DEL NIÑO0 0272993180dBuenos Aires : LexisNexis, 2006-tRevista de derecho penal y procesal penal. Nº 2 - Febrero 2025z9875920622 2udccANA